LEADER 00929nam a2200253 i 4500 001 000000139853 003 CaOOAMICUS 005 20061114000000.0 008 061114s1962 it u000 u lat u 013 $a113986 040 $aSeMil$bita 100 1 $aGirardi, Giulio <1926- >.$0(OLS)http://semarc/name/24542 245 10$aOntologia /$cIulius Girardi. 260 $aTorino :$bSEI,$c1962. 300 $aXI, 243 p. ;$c22 cm. 490 0 $aInstitutiones philosophiae ;$v3. 500 $aContiene : Bibliographia. 650 4$aOntologia - Manuali.$0(OLS)http://semarc/subject/10843 830 0$aInstitutiones philosophiae ;$v3.$0(OLS)http://semarc/title/22236 850 $aSeMil 852 $aSeMil$W1$xVenegono$y1$m2P IV 641$j93243$B93243$CSeMilBibl$Z2$F117415 $81 961 $aRecupero: Altro 996 $6245$aOntologia$9(OLS)http://semarc/title/80512 996 $6260$aTorino :$bSEI$9(OLS)http://semarc/publisher/29848 LEADER 00845nam a2200181 i 4500 001 000000026809 003 CaOOAMICUS 005 20180830125447.0 008 180830s1991 it u000 u ita u 040 $aSeMil$bita 245 10$aKoinonia :$betica della vita sociale /$ca cura di Tullo Goffi, Giannino Piana. 300 $av. 700 1 $aPiana, Giannino,$d<1939-2023>.$0(OLS)http://semarc/name/1517 700 1 $aGoffi, Tullo,$d<1916-1996>.$0(OLS)http://semarc/name/178 773 0 $tCorso di morale.$dBrescia : Queriniana, 1989-$w()17220 774 0 $aCozzoli, Mauro <1946- >$t[Virtù sociali ; Morale matrimoniale e famigliare ; Problemi etici della vita economica].$z88-399-0015-2$gTomo1$w()158537 774 0 $aBondolfi, Alberto <1946- >$tKoinonia.$gVolume2$w()158538 996 $6245$aKoinonia :$betica della vita sociale$9(OLS)http://semarc/title/36223